Geoffrey Lewis: Movies Quiz Stats

Quiz not verified by Sporcle

Challenge
Share
Tweet
Score 0/122 Timer 20:00
0 Plays Today
Character Movie % Correct
Role UnknownHighway 395
100%
OrvilleAny Which Way You Can
62.5%
Eddie GoddyThunderbolt & Lightfoot
50%
OrvilleEvery Which Way But Loose
50%
Harry PierpontDillinger
37.5%
Capt. MoselyLucky Lady
37.5%
John ArlingtonBronco Billy
37.5%
Leader of the Wild BunchMy Name Is Nobody
25%
WilsonSmile
25%
Sheriff BogardusCentennial
25%
Mike RyersonSalem's Lot
25%
Trapper Fred Heaven's Gate
25%
Major Cooper AshburyThe Shadow Riders
25%
Hard Case WilliamsLust in the Dust
25%
Ricky ZPink Cadillac
25%
Matthew Wicker/Eugene, BankerMaverick
25%
Abner MercerThe Way of the Gun
25%
Man in ParkThe Fat Black Pussycat
12.5%
RussThe Culpepper Cattle Co.
12.5%
LawrenceMoon of the Wolf
12.5%
HobbsBad Company
12.5%
Stacey BridgesHigh Plaines Drifter
12.5%
Jason McCoyThe Gun & The Pulpit
12.5%
NewtThe Great Waldo Pepper
12.5%
Samuel GummereThe Wind & The Lion
12.5%
ZenasThe Return of a Man Called Horse
12.5%
Dr. Bill JanowskiThe Jericho Mile
12.5%
Truck DriverTilt
12.5%
Harold TignerSamurai
12.5%
Walter StollTom Horn
12.5%
Reverend MeeksBelle Starr
12.5%
KoupSkyward Christmas
12.5%
Joe ButlerI, The Jury
12.5%
JanusThe Return of the Man from U.N.C.L.E.: The Fifteen Years Later Affair
12.5%
Sheriff JohnsonSeptember Gun
12.5%
CarterNight of the Comet
12.5%
Ralph RizzoStitches
12.5%
Ed PorterDallas: The Early Years
12.5%
DennisOut of the Dark
12.5%
KKK LeaderFletch Lives
12.5%
Captain SchroederTango & Cash
12.5%
Character Movie % Correct
BodineGunsmoke: The Last Apache
12.5%
Michael KahnDisturbed
12.5%
Frank HarperMatters of the Heart
12.5%
Frank AveryDouble Impact
12.5%
Terry McKeenThe Lawnmower Man
12.5%
Hitchcock the GenieWishman
12.5%
Drugstore OwnerPoint of No Return
12.5%
Sheriff CepedaArmy of One
12.5%
Chief Wayne StarkThe Man Without a Face
12.5%
KerriganOnly the Strong
12.5%
LynchGambler V: Playing for Keeps
12.5%
EliRough Riders
12.5%
Luther DriggersMidnight in the Garden of Good and Evil
12.5%
Principal ZaylorThe New Guy
12.5%
Mr Carpenter's SonThe Todd Killings
0%
Francis RaptureWelcome Home, Soldier Boys
0%
RoperHonky Tonk
0%
HampMacon County Line
0%
Archie The Great Ice Rip-Off
0%
Ed DuncanAttack on Terror: The FBI vs the Ku Klux Klan
0%
DuttonThe New Daughters of Joshua Cabe
0%
Dr. CrandonThe Great Houdini
0%
Red BaylissThe Deadly Triangle
0%
Mr. EckertThe Hunted Lady
0%
ScalphunterShoot the Sun Down
0%
Albert Cavanaugh/SnowmanWhen Every Day Was the Fourth of July
0%
2 Strike SnakeThey Died with Their Boots On
0%
Dr. Hans R. KlineHuman Experiments
0%
Captain Charley RawlinsLife of the Party: The Story of Beatrice
0%
Dave Dante10 to Midnight
0%
John TuckermanTravis McGee
0%
Scooter LeeStormin' Home
0%
Prof. Alan JeffriesAnnihilator
0%
Dirty JerrySpot Marks the X
0%
Mr. Steve SmithTime Out
0%
Del RainsDesert Rats
0%
Ben KatlinPancho Barnes
0%
Oliver OstrowDesperado: The Outlaw Years
0%
HaroldWicked Little Things
0%
SullivanRetreat!
0%
Stanley MelnickMommy's Little Monster
0%
Character Movie % Correct
Mr. KetchumMiss Nobody
0%
CletusPickin' & Grinnin'
0%
Lenny -voice-The Haunted World of El Superbeasto
0%
NaylorThe Butcher
0%
ButchThomas Kinkade's Christmas Cottage
0%
LewisChinaman's Chance: America's Other Slaves
0%
Crazy Old MartinMoving McAllister
0%
Felton JonesCold Ones
0%
KeelerFingerprints
0%
Hank Wild Hearts
0%
Old Man #1Voodoo Moon
0%
Roy SullivanThe Devil's Rejects
0%
GusThe Fallen Ones
0%
SheridanDown in the Valley
0%
Lucky MarshallSocial Guidance
0%
GodPatients
0%
Raymond McPheronPlainsong
0%
Greg SullivanRenegade
0%
Mr. JohnsonCatch Me If You Can
0%
VariousAt My Place
0%
MattDay of Reckoning
0%
HeathWhite Fang 2: Myth of the White Wolf
0%
Rex CarverLast Resort
0%
SloanFive Aces
0%
WillyAmerican Perfekt
0%
Shin'ichiThe Dragon Gate
0%
StubbsTrilogy of Terror II
0%
ParmenterWhen the Dark Man Calls
0%
J.D,Kansas
0%
Draper JewettAn Occasional Hell
0%
JoeThe Underworld
0%
Guest #1The Prophet's Game
0%
GeoffSong of the Vampire
0%
BrownerSunstorm
0%
PaulMy Life with Men
0%
Stanley MelnickA Light in the Darkness
0%
Melvin ReevesMind Games
0%
Mr. SpruillA Painted House
0%
WaltersMay Day
0%
BoltonBrazilian Brawl
0%

You're not logged in!

Compare scores with friends on all Sporcle quizzes.
Sign Up with Email
OR
Log In

You Might Also Like...

Show Comments

Extras

Top Quizzes Today


Score Distribution

Your Account Isn't Verified!

In order to create a playlist on Sporcle, you need to verify the email address you used during registration. Go to your Sporcle Settings to finish the process.